| 000 | 00674nam a22002057a 4500 | ||
|---|---|---|---|
| 999 |
_c15259 _d15259 |
||
| 003 | AR-CdUCM | ||
| 008 | 190426b ||||| |||| 00| 0 spa d | ||
| 020 | _a968-16-6291-1 | ||
| 040 |
_aMUNICIPALIDAD PROVINCIAL DEL CUSCO _cBIBLIOTECA MUNICIPAL DEL CUSCO |
||
| 082 |
_aPI / 800 / _bV39 |
||
| 100 |
_aVeldkamp, Tjibbe _934306 |
||
| 245 | _a22 Huérfanos / | ||
| 260 |
_aMéxico, D.F. : _bFondo de cultura económica, _c2000. |
||
| 300 |
_a24 páginas ; _bIlustraciones, _c29 cm. |
||
| 440 |
_aLos especiales de A la orilla del viento ; _933315 |
||
| 650 |
_aLiteratura infantil _9588 |
||
| 700 |
_aHopman, Philip _934307 |
||
| 942 |
_2ddc _cLIBROS |
||
| 945 |
_aacv _d2019-04-26 |
||